Go ye therefore / (Record no. 6613)

MARC details
000 -LEADER
fixed length control field 00740cam a22002651a 4500
001 - CONTROL NUMBER
control field 6911486
003 - CONTROL NUMBER IDENTIFIER
control field GBCCL
005 - DATE AND TIME OF LATEST TRANSACTION
control field 20241126110607.0
008 - FIXED-LENGTH DATA ELEMENTS--GENERAL INFORMATION
fixed length control field 810521s1940 nyu 000 0 eng
010 ## -
-- 40030834
035 ## - SYSTEM CONTROL NUMBER
System control number (OCoLC)7439277
040 ## - CATALOGING SOURCE
Original cataloging agency DLC
Transcribing agency InAndC
Modifying agency DLC
042 ## -
-- premarc
050 00 -
-- BV3790
-- .B72
082 ## - DEWEY DECIMAL CLASSIFICATION NUMBER
Classification number 269.2
Item number BRO
100 1# - MAIN ENTRY--PERSONAL NAME
Personal name Brower, Floyd V.
9 (RLIN) 11825
245 10 - TITLE STATEMENT
Title Go ye therefore /
Statement of responsibility, etc. Floyd V. Brower
260 ## - PUBLICATION, DISTRIBUTION, ETC.
Place of publication, distribution, etc. New York :
Name of publisher, distributor, etc. Abingdon-Cokesbury,
Date of publication, distribution, etc. 1940.
300 ## - PHYSICAL DESCRIPTION
Extent 128 p. ;
Dimensions 17 cm.
650 #0 - SUBJECT ADDED ENTRY--TOPICAL TERM
Topical term or geographic name entry element Evangelistic work.
9 (RLIN) 290
650 #0 - SUBJECT ADDED ENTRY--TOPICAL TERM
Topical term or geographic name entry element Rural missions
9 (RLIN) 11826
700 1# - ADDED ENTRY--PERSONAL NAME
Personal name Bowen, Cawthon Asbury,
Dates associated with a name 1885-
9 (RLIN) 11827
906 ## - LOCAL DATA ELEMENT F, LDF (RLIN)
a 7
b cbc
c oclcrpl
d u
e ncip
f 19
g y-gencatlg
942 ## - ADDED ENTRY ELEMENTS (KOHA)
Source of classification or shelving scheme Dewey Decimal Classification
Koha item type Books
Koha issues (borrowed), all copies 5
Holdings
Withdrawn status Lost status Source of classification or shelving scheme Damaged status Not for loan Home library Current Library Shelving location Date acquired Total checkouts Full call number Barcode Date last seen Date last checked out Copy number Price effective from Koha item type
    Dewey Decimal Classification     GRACE BIBLE COLLEGE GRACE BIBLE COLLEGE Ministry & Mission 2018-05-21 5 269.2 BRO 007899 2025-05-01 2020-01-14 c.1 2018-05-21 Books
© Grace Bible College Library 2025